| 000 | 00761nam a2200277Ia 4500 | ||
|---|---|---|---|
| 999 |
_c2700 _d2700 |
||
| 007 | ta | ||
| 008 | 230308t2019||||xxka ||gd|||||||1 ||eng|| | ||
| 020 |
_a9781838827793 _cRs. 2799.00 |
||
| 040 |
_aKO _beng |
||
| 041 | 0 | _aeng | |
| 044 | _axxk | ||
| 082 | 0 | 4 |
_223 _a005.8 _bD621 |
| 100 | 1 | _aDiogenes, Yuri | |
| 245 | 1 | 0 |
_aCybersecurity - Attack and defense strategies / _cYuri Diogenes and Erdal Ozkaya |
| 250 | _a2nd ed. | ||
| 260 |
_aUK: _bPackt publishing, _c2019 |
||
| 300 |
_axvi, 610 p.: _bill. ; _c24 cm. |
||
| 650 | 0 | _aComputer security | |
| 650 | 0 | _aNetwork security | |
| 650 | 0 | _aComputers Networking Security | |
| 650 | 0 | _aComputer viruses, Trojans & worms | |
| 700 |
_aOzkaya, Erdal _eaut |
||
| 904 | _aA_BOSE | ||
| 942 | _cBK | ||